[Event "Régionale 1 - Verdun - EFE"]
[Site "?"]
[Date "2007.03.04"]
[Round "6.6"]
[White "Becker, Pierre"]
[Black "Paquot, Maxime"]
[Result "1-0"]
[WhiteElo "1800"]
[BlackElo "1290"]
[PlyCount "59"]
[SourceDate "2006.10.14"]

1. e4 d6 2. d4 Nf6 3. Bd3 e5 4. c3 g6 5. Nf3 Nbd7 6. O-O Bg7 7. Bg5 O-O 8. Nbd2
c6 9. Nc4 Qe7 10. Re1 b5 $6 (10... b6 11. Qb3 Qe6 12. Bd2 $16) 11. Na5 Nb8 12.
h3 (12. a4 Bd7 13. Qd2 a6 14. b4 Re8 15. h3 Qf8 16. dxe5 dxe5 17. Be3 $18)
12... Qc7 13. Nb3 (13. b4 Nbd7 14. Qd2 Ba6 15. Bh6 c5 16. Bxg7 Kxg7 $16) 13...
Re8 14. c4 bxc4 15. Bxc4 Nh5 $6 (15... Nbd7 16. Rc1 Bb7 17. Qd2 c5 18. Bxf6
Nxf6 19. dxc5 $16) 16. Rc1 Bd7 $6 (16... Nd7 17. Qd2 Bb7 18. Na5 exd4 19. Nxb7
Qxb7 20. Nxd4 $16) 17. Bd2 (17. Qd2 Be6 18. dxe5 dxe5 19. Bxe6 Rxe6 20. Red1
Na6 $18) 17... a5 18. dxe5 dxe5 19. Nc5 Rd8 {Diagramme #} 20. Qb3 (20. Ng5 Rf8
21. Qb3 Bc8 22. Na4 Ba6 23. Bxf7+ Rxf7 24. Bxa5 Qe7 25. Bd8 Qb7 26. Nb6 Ra7 27.
Red1 h6 28. Rd7 Nxd7 29. Qxf7+ Kh8 30. Qxg6 hxg5 31. Qxh5+ Kg8 32. Qe8+ Nf8 33.
Rd1 $16) 20... Bc8 21. Be3 h6 (21... Rf8 22. Red1 Na6 23. Ng5 Rb8 24. Qc2 $18)
22. Nh4 (22. Na4 Rf8 23. Nb6 Ra7 24. Nxc8 Rb7 25. Nb6 Nd7 26. Bb5 Rxb6 27. Bxb6
Qxb6 $18) 22... Kf8 23. Red1 Rxd1+ 24. Qxd1 (24. Rxd1 Bf6 25. Bxh6+ Kg8 26. Nf3
Qe7 27. g4 Kh7 28. Qe3 $18) 24... g5 $4 (24... Nf4 25. Qd2 Nd7 26. Bxf4 exf4
27. Nxg6+ Ke8 (27... fxg6 28. Ne6+) 28. Bb5 Bf6 29. e5 Nxe5 30. Nxe5 Bxe5 31.
Ne6 fxe6 32. Rxc6 $18) 25. Qxh5 gxh4 26. Bxh6 Qe7 27. Be3 (27. Rd1 Nd7 28.
Bxg7+ Kxg7 29. Qg4+ Kh6 30. Nxd7 Bxd7 31. Rxd7 Qg5 32. Rd6+ f6 33. Qe6 $18)
27... Qf6 28. Rd1 {Diagramme #} 28... Ke8 (28... Ra7 29. Bg5 Ba6 30. Bxa6 Kg8
$18) 29. Bg5 Qg6 $4 (29... Ra7 30. Bxf6 Bxf6 31. Qh7 Bd7 32. Qxf7+ Kd8 33. Ba6
Kc7 34. Rxd7+ Nxd7 35. Qxd7+ Kb6 36. Na4+ Kxa6 37. Qxc6#) 30. Rd8# 1-0

[Event "Régionale 1 - Verdun - EFE"]
[Site "?"]
[Date "2007.03.04"]
[Round "6.7"]
[White "Saint-Antoine, Didier"]
[Black "Kuhlemeier, Laurent"]
[Result "0-1"]
[WhiteElo "1170"]
[BlackElo "1760"]
[PlyCount "126"]
[SourceDate "2006.10.14"]

1. e4 e6 2. Nf3 d5 3. e5 c5 4. Nc3 a6 5. d4 Nc6 6. Bg5 Be7 7. Be3 Qb6 8. Rb1
Qa5 9. Ra1 Bd7 10. Bd2 Qb6 11. b3 $6 (11. Na4 Qc7 12. dxc5 Nxe5 13. Nb6 Rd8 $15
) 11... cxd4 12. Na4 Qc7 13. Be2 Nxe5 14. Nxe5 Qxe5 15. O-O Bxa4 16. bxa4 Bd6
17. g3 Ne7 18. c3 Qf6 19. Be1 $6 (19. cxd4 Qxd4 20. Rb1 Rb8 21. Be3 Qxd1 22.
Rfxd1 $19) 19... dxc3 20. Rc1 Rc8 21. Qb3 Rb8 22. Bxc3 Be5 23. Bxe5 Qxe5 24.
Rfe1 Qd6 25. Rc2 Nc6 26. Qc3 {Diagramme #} 26... Rc8 $4 (26... O-O 27. f4 Rfd8
28. Rb1 d4 29. Qf3 e5 30. Bd3 exf4 $19) 27. Rcc1 $4 (27. Qxg7 Rf8 28. Bh5 Ke7
29. Rce2 Kd8 30. Qxh7 $11) 27... O-O 28. Bd1 Ne7 29. Qd2 Rxc1 30. Qxc1 Rc8 31.
Qe3 Qc5 32. Qd3 Qc3 33. Re3 d4 34. Rf3 Nd5 35. Qe4 Qa1 36. Qe1 Rc1 37. Rd3 {
Diagramme #} 37... g6 $6 (37... Nc3 38. Kg2 Rxd1 39. Rxd4 h6 40. Rd8+ Kh7 41.
Rxd1 Qxd1 42. Qxc3 $19) 38. Kg2 Nc3 $6 (38... b6 39. Qe2 h5 40. Qd2 Nc3 41. Bf3
e5 $19) 39. Rxd4 Nxd1 40. Rd8+ Kg7 41. Rd7 Qc3 42. Qxc3+ Nxc3 43. Rxb7 Nxa4 44.
Ra7 Rc6 45. g4 g5 46. f3 Nc3 47. a3 Nb5 48. a4 $4 (48. Ra8 Nxa3 49. h4 Rc2+ 50.
Kh3 Nc4 51. hxg5 Ne3 $19) 48... Nxa7 49. Kg3 Nb5 $6 (49... Kf6 50. h3 Rc3 51.
Kf2 Nc6 52. Kg3 Ne5 53. Kf2 Rxf3+ $19) 50. Kf2 Nc3 51. a5 Kf6 52. Ke3 Ke5 53.
h3 Rc4 54. Kd3 Kd5 55. Kc2 Kd4 56. Kb3 Nb5 57. Kb2 Rc3 58. Ka2 Kd3 59. Kb2 Kd2
60. Kb1 Rc2 61. Ka1 Kc3 (61... Nc3 62. f4 Ra2#) 62. Kb1 Kb3 63. Ka1 Rc1# 0-1

[Event "Régionale 1 - Verdun - EFE"]
[Site "?"]
[Date "2007.03.04"]
[Round "6.8"]
[White "Pierrot, Philippe"]
[Black "Slinkman, Dimitri"]
[Result "1-0"]
[WhiteElo "1740"]
[BlackElo "1240"]
[PlyCount "37"]
[SourceDate "2006.10.14"]

1. e4 e5 2. Nf3 Nc6 3. Bc4 Bc5 4. c3 h6 5. d4 exd4 6. cxd4 Bb4+ 7. Nc3 b6 8. a3
Be7 $6 (8... Bxc3+ 9. bxc3 Nf6 10. e5 Ne4 11. Qe2 Nxc3 12. Qc2 b5 13. Qxc3 bxc4
14. d5 Ne7 $14) 9. Qb3 d5 10. Bxd5 Na5 11. Bxf7+ Kf8 12. Qa2 Qd7 13. Ne5 Qe6 $4
(13... g5 14. Bxg8 Qe8 15. Bf7 Qc6 $18) 14. Bxe6 Bxe6 15. Qxe6 {Diagramme #}
15... Ke8 16. Nd5 Rc8 17. Qxc8+ Bd8 18. Qd7+ Kf8 19. Ng6# (19. Qxd8#) (19. Qf7#
) 1-0

[Event "Régionale 1 - EFE - Maizières III"]
[Site "?"]
[Date "2007.03.18"]
[Round "7.1"]
[White "Martinez, Patrick"]
[Black "Wagner, Jean-Louis"]
[Result "1-0"]
[WhiteElo "1980"]
[BlackElo "1640"]
[PlyCount "121"]
[SourceDate "2006.10.14"]

1. Nf3 e6 2. g3 d5 3. Bg2 Nf6 4. O-O Be7 5. c4 O-O 6. d4 dxc4 7. Nc3 c5 8. Bf4
a6 9. Na4 Nc6 10. dxc5 Nd5 11. Bd6 Bxd6 12. cxd6 Bd7 13. Nc3 Nxc3 14. bxc3 Rb8
15. e4 e5 16. Nh4 g6 17. Rb1 Qf6 18. Qd2 b5 19. f4 Qd8 20. f5 g5 21. f6 h6 22.
Nf5 Bxf5 23. Rxf5 Kh7 24. Rbf1 Rg8 25. Bf3 g4 26. Be2 Rg6 27. Kg2 Qd7 28. Rh5
Rd8 29. Qd5 {Diagramme #} 29... Rf8 $6 (29... Kg8 30. a4 Qxd6 31. axb5 axb5 32.
Qxb5 $11) 30. Rff5 (30. h3 gxh3+ 31. Rxh3 Nd8 32. Bh5 Rg5 33. Rfh1 $18) 30...
Re8 31. Rxe5 Rxe5 32. Rxe5 Rxf6 (32... Nxe5 33. Qxe5 Rg8 34. Qe7 Rd8 $11) 33.
Rf5 Rxf5 $6 (33... Qxd6 34. Bxg4 Kg8 35. Qxd6 Rxd6 $11) 34. Qxf5+ (34. exf5 h5
35. h3 Qe8 36. Kf2 Ne5 37. hxg4 hxg4 38. Qb7 $18) 34... Qxf5 35. exf5 h5 36. h3
gxh3+ 37. Kxh3 Kh6 38. Kh4 f6 39. Bf3 (39. Bxh5 Kg7 40. Bf3 $18) 39... Nd8 40.
Bd5 a5 41. a3 b4 42. axb4 axb4 43. cxb4 c3 44. Be4 {Diagramme #} 44... Nb7 $4 (
44... Kg7 45. Kxh5 Nf7 46. d7 Kf8 47. Kg4 $18) 45. d7 (45. Bxb7 c2 46. d7 c1=Q
47. d8=Q Qg5+ 48. Kh3 Qg4+ 49. Kh2 Qe2+ 50. Bg2 $18) 45... Nd8 46. g4 hxg4 47.
Kxg4 Nf7 48. Kf4 Nd8 49. Ke3 Kg7 50. b5 Kf7 51. Kd3 c2 52. Kxc2 Ke7 53. Bc6 Kd6
54. Kd3 Kc5 55. Ke4 Kd6 56. Kf4 Ke7 57. Ke4 Kd6 58. Kd4 Kc7 59. Kd5 Nf7 60. Ke6
Nd8+ 61. Ke7 1-0

[Event "Régionale 1 - EFE - Maizières III"]
[Site "?"]
[Date "2007.03.18"]
[Round "7.2"]
[White "Perruzza, Pascal"]
[Black "Baillot, Justin"]
[Result "0-1"]
[WhiteElo "1550"]
[BlackElo "1950"]
[PlyCount "62"]
[SourceDate "2006.10.14"]

1. c4 Nf6 2. Nc3 g6 3. Nf3 Bg7 4. e4 d6 5. d4 O-O 6. Be2 e5 7. Bg5 h6 8. Bh4
Nc6 9. Nd5 exd4 10. Nxd4 g5 11. Bg3 Nxd5 12. Nxc6 bxc6 13. cxd5 Bxb2 14. Rb1
Bc3+ 15. Kf1 f5 16. exf5 Bxf5 17. Rb3 Qf6 18. h4 Rae8 19. hxg5 hxg5 20. dxc6
Be4 21. Bc4+ Kg7 {Diagramme #} 22. Rb7 $6 (22. Kg1 Bd3 23. Bxd3 Re1+ 24. Qxe1
Bxe1 25. Rh7+ Kg8 26. Rxc7 $17) 22... Re7 23. Qh5 $2 (23. f3 Bxc6 24. Rxa7 Bd4
25. Ra6 Ba8 $17) 23... Bd3+ 24. Kg1 Re1+ 25. Kh2 Rxh1+ (25... Bxc4 26. Rxc7+
Bf7 27. Rxe1 Bxe1 28. Qf3 Qd4 $19) 26. Kxh1 Ba5 $2 (26... Bxc4 27. Rxc7+ Bf7
28. Qf3 $19) 27. Qd1 $4 (27. Bxd3 Rh8 28. Qxh8+ Kxh8 29. Rxa7 Bb6 30. Ra8+ Kg7
31. Rc8 $19) 27... Rh8+ (27... Bxc4 $1 28. Rxa7 Rh8+ 29. Kg1 Bb6 30. Ra4 Qh6
31. Qa1+ Kf7 32. Qxh8 Qxh8 $19) 28. Kg1 Bxc4 29. Bxd6 Rd8 30. Qa4 $2 (30. Qc1
Rxd6 31. Qxc4 Rd1+ 32. Kh2 Qd6+ 33. f4 gxf4 34. Rxc7+ Bxc7 $19) 30... Bb6 {
Diagramme #} (30... Qa1+ 31. Kh2 Rh8+ 32. Kg3 Qc3+ 33. f3 Qe1+ 34. Kg4 Be6+ 35.
Kxg5 Bd2+ 36. Qf4 Qg3#) 31. Qxc4 $2 (31. Rxc7+ Bxc7 32. Qxc4 Rxd6 33. Qf1 $19)
31... Qxf2+ (31... Qxf2+ 32. Kh2 Rh8+ 33. Qh4 Rxh4# (33... Qxh4#)) 0-1

[Event "Régionale 1 - EFE - Maizières III"]
[Site "?"]
[Date "2007.03.18"]
[Round "7.3"]
[White "Paturaux, Laurent"]
[Black "Alif, Philippe"]
[Result "1-0"]
[WhiteElo "1880"]
[BlackElo "1580"]
[PlyCount "61"]
[SourceDate "2006.10.14"]

1. d4 d5 2. c4 c6 3. Nc3 Nf6 4. Nf3 Bf5 5. e3 e6 6. Bd2 Be7 7. Qb3 Qc7 8. Rc1
Nbd7 9. cxd5 Nxd5 10. Nxd5 exd5 11. Qxd5 Be6 12. Qe4 Nf6 13. Qb1 O-O 14. Bd3 g6
15. a3 Bd5 16. e4 Bb3 17. Rc3 Qb6 18. h3 a5 19. Be3 a4 20. Nd2 Qa5 21. Nxb3
axb3 22. O-O Bxa3 23. Rxb3 Bb4 24. Qc1 {Diagramme #} 24... Rfd8 $2 (24... Ra7
25. d5 c5 26. Rxb4 cxb4 27. Bxa7 Qxa7 $18) 25. Qc4 Be7 26. Rxb7 Nd7 27. Be2
Rac8 $6 (27... Rab8 28. Qxc6 Qa8 29. Ba6 Nf6 30. Bf4 Rxb7 31. Bxb7 Qa7 $18) 28.
Bg4 Nb6 29. Qb3 Rc7 $2 (29... Re8 30. Be6 Kg7 (30... fxe6 31. Qxe6+ Kh8 32. d5
$18) 31. Bxf7 Nd5 $18) 30. Rxb6 $6 (30. Rxc7 Re8 31. Rxc6 Bd8 32. d5 $18) 30...
Bb4 $2 (30... Kg7 31. Be2 Qa8 32. Rc1 c5 33. Qc2 $18) 31. Qxb4 1-0

[Event "Régionale 1 - EFE - Maizières III"]
[Site "?"]
[Date "2007.03.18"]
[Round "7.4"]
[White "Auburtin, Christian"]
[Black "Bazille, Reynald"]
[Result "1-0"]
[WhiteElo "1650"]
[BlackElo "1850"]
[PlyCount "75"]
[SourceDate "2006.10.14"]

1. c4 e5 2. Nc3 Nf6 3. e3 Nc6 4. a3 d5 5. cxd5 Nxd5 6. g3 g6 7. Bg2 Be6 8. Nge2
Bg7 9. O-O O-O 10. b4 a6 11. Bb2 Qd7 12. Qc2 Nxc3 13. dxc3 Bc4 14. Rad1 Qe6 15.
Rc1 Rad8 16. Ba1 Rd7 17. Rfe1 Rfd8 18. Qb2 $19 {Diagramme #} 18... Bb3 $2 (
18... Qf5 19. Qc2 Qh5 20. Bxc6 bxc6 21. Nd4 (21. Rcd1 Rxd1 22. Rxd1 Rxd1+ 23.
Qxd1 Qf3 $19) 21... exd4 22. cxd4 Be6 23. Qe2 $19) 19. Nd4 exd4 20. exd4 Ne5
21. Rxe5 $2 (21. dxe5 Rd2 22. Qb1 Qb6 23. Rf1 Bc4 24. Qe4 Bxf1 25. Rxf1 $17)
21... Bxe5 22. Re1 Bd5 $2 (22... f6 23. Qc1 Qb6 24. Qb1 Bc4 25. dxe5 Rd2 26.
Rf1 Bxf1 27. Qxf1 Rd1 $19) 23. Rxe5 Qc6 24. Bxd5 Rxd5 25. Re3 Re8 26. Rxe8+
Qxe8 27. c4 Rf5 28. d5 f6 29. Qd2 Qe4 30. Bd4 Rf3 31. Be3 Qxc4 32. d6 cxd6 33.
Qxd6 {Diagramme #} 33... Qc8 $4 (33... Qc6 34. Qd8+ Kf7 35. Qh8 g5 36. Qxh7+
Ke6 $11) 34. Qd5+ Kg7 35. Qxf3 Qd7 36. h4 b5 37. h5 g5 38. Kh2 1-0

[Event "Régionale 1 - EFE - Maizières III"]
[Site "?"]
[Date "2007.03.18"]
[Round "7.5"]
[White "Becker, Pierre"]
[Black "Gwiazdowski, Didier"]
[Result "1-0"]
[WhiteElo "1800"]
[BlackElo "1499"]
[PlyCount "73"]
[SourceDate "2006.10.14"]

1. e4 e5 2. Nf3 Nc6 3. Bc4 Nh6 4. d3 (4. d4 exd4 5. Bxh6 gxh6 6. Nxd4 Qf6 7.
Nb5 Kd8 8. O-O Ne5 9. Nd2 $11) 4... Bb4+ 5. c3 Bd6 6. Nbd2 O-O 7. Nf1 Ng4 8.
Ng3 Bc5 9. O-O Qf6 10. Bg5 Nxf2 11. Rxf2 Bxf2+ 12. Kxf2 Qg6 13. Qd2 {
Diagramme #} 13... Ne7 $4 (13... h6 14. Be3 d6 15. Kg1 Be6 16. Nf5 Qf6 17. N3h4
Kh7 $18) 14. Bxe7 Re8 15. Bc5 d6 16. Be3 Be6 17. Bb5 c6 18. Ba4 b5 19. Bd1 d5
20. Kg1 (20. Nxe5 Qf6+ 21. Bf4 Rac8 22. Kg1 $18) 20... Rec8 $4 (20... Bg4 21.
Nh4 Qe6 22. Bxg4 Qxg4 23. Ngf5 Qh5 24. h3 f6 25. g4 Qf7 $18) 21. Nh4 Qf6 22.
Bg5 Qxg5 23. Qxg5 h6 24. Qe3 $6 (24. Qxe5 Kh8 25. Nhf5 Bxf5 26. Nxf5 f6 27. Qg3
Rg8 $18) 24... c5 25. exd5 Bxd5 26. Qxe5 Rd8 27. Ngf5 f6 28. Qg3 g5 29. Nxh6+
Kg7 30. N4f5+ Kg6 31. h4 Be6 32. h5+ (32. Qf3 Bxf5 33. Qh5+ Kg7 34. Nxf5+ Kf8
35. Qh8+ Kf7 36. Qh7+ Ke6 37. Qe7+ Kxf5 38. Qe4#) 32... Kh7 33. Qc7+ Rd7 34.
Qc6 Rad8 $6 (34... Bxf5 35. Qxa8 Rf7 (35... Kxh6 36. Qh8+ Rh7 37. Qxf6+ Bg6 38.
Qxg6#) 36. Nxf7 Bc8 37. Qxc8 Kg7 38. Bf3 f5 39. Bd5 Kf6 40. Qg8 g4 41. Qg5#)
35. Qxe6 {Diagramme #} 35... Rxd3 $4 (35... Rc7 36. Qxf6 Rg8 37. Nf7 Rc6 38.
Qxc6 Rg7 39. Qh6+ Kg8 40. Qxg7#) 36. Qf7+ (36. Qe7+ Kh8 37. Qg7#) 36... Kh8 37.
Qg7# 1-0

[Event "Régionale 1 - EFE - Maizières III"]
[Site "?"]
[Date "2007.03.18"]
[Round "7.6"]
[White "Roget, Dany"]
[Black "Kuhlemeier, Laurent"]
[Result "0-1"]
[WhiteElo "1350"]
[BlackElo "1760"]
[PlyCount "88"]
[SourceDate "2006.10.14"]

1. e4 e6 2. d4 d5 3. e5 c5 4. c3 Nc6 5. Nf3 Qb6 6. Qb3 Qxb3 7. axb3 cxd4 8.
cxd4 Nb4 9. Bb5+ Bd7 10. Bxd7+ Kxd7 11. O-O h6 12. Nc3 Ne7 13. Nb5 Nec6 14. Bd2
a6 15. Bxb4 Bxb4 16. Nc3 b5 17. Ra2 Kc7 18. Rc1 Kb6 {Diagramme #} 19. Ne2 $2 (
19. h3 Na5 20. Nd2 Rac8 21. Raa1 Rc7 22. Rc2 Rhc8 23. Rac1 $19) 19... Na5 20.
Rd1 Nxb3 21. Nc1 Nxc1 22. Rxc1 Rac8 23. Raa1 Rxc1+ 24. Rxc1 Kb7 25. Ne1 Bxe1
26. Rxe1 Rc8 27. Kf1 Rc2 28. Re2 Rxe2 29. Kxe2 Kb6 30. Kd2 b4 31. Kc2 Kb5 32.
b3 a5 33. Kb2 a4 {Diagramme #} 34. bxa4+ Kxa4 35. Ka2 b3+ 36. Kb2 Kb4 37. f4
Kc4 38. g3 h5 39. h3 g6 40. h4 Kxd4 41. Kxb3 Ke4 42. Kc2 Kf3 43. Kd2 Kxg3 44.
Ke2 Kxf4 0-1

[Event "Régionale 1 - EFE - Maizières III"]
[Site "?"]
[Date "2007.03.18"]
[Round "7.7"]
[White "Nolot, Philippe"]
[Black "Jacques, Josian"]
[Result "1-0"]
[WhiteElo "1740"]
[BlackElo "1230"]
[PlyCount "45"]
[SourceDate "2006.10.14"]

1. e4 e5 2. Nf3 Nc6 3. Bc4 Nf6 4. Ng5 d5 5. exd5 Nxd5 6. Nxf7 Kxf7 7. Qf3+ Ke6
8. Nc3 Ncb4 9. Qe4 c6 10. a3 b5 11. Bb3 Na6 12. d4 Qd6 13. Bf4 Kd7 14. Bxe5 {
Diagramme #} 14... Qe6 $4 (14... Nxc3 15. bxc3 Qg6 16. Qxg6 hxg6 17. O-O $11)
15. Nxd5 cxd5 $6 (15... Qg6 16. Qf3 Bd6 17. Nf4 Qh6 18. Ne6 Re8 19. Bxd6 Kxd6
20. d5 $18) 16. Bxd5 Nc5 $4 (16... Qb6 17. O-O Rb8 18. Bxb8 Nxb8 19. a4 b4 20.
Rfe1 $18) 17. Bxe6+ Nxe6 18. Qxa8 Bd6 $6 (18... Nd8 19. Qxa7+ Bb7 20. d5 Be7
21. Qb6 Ke8 22. d6 Bf8 23. O-O-O $18) 19. Qxa7+ (19. Qd5 Rd8 20. Bxd6 Bb7 21.
Qxb7+ Kxd6 $18) 19... Kc6 $2 (19... Nc7 20. O-O-O h5 21. Bxd6 Kxd6 22. Rhe1 $18
) 20. Bxd6 (20. d5+ Kxd5 21. O-O-O+ Nd4 (21... Kxe5 22. Qf7 Bb4 23. axb4 Nd4
24. Rxd4 Kxd4 25. Rd1+ Ke4 26. Qd5+ Kf4 27. Rd4#) 22. Rxd4+ Ke6 23. Rxd6+ Kf5
24. Qxg7 Rg8 25. Qf7+ Kxe5 26. Rd5+ Ke4 27. Re1#) 20... Kxd6 21. O-O-O g6 22.
Rhe1 {Diagramme #} 22... Nf4 $6 (22... Rf8 23. d5 Nc7 24. Qb6+ Kd7 25. d6 Ne6
26. Qxb5+ $18) 23. Qb8+ (23. Qc5+ Kd7 24. Re7+ Kd8 25. Qc7#) 1-0

[Event "Régionale 1 - EFE - Maizières III"]
[Site "?"]
[Date "2007.03.18"]
[Round "7.8"]
[White "Wolff, Jean-Claude"]
[Black "Pierrot, Philippe"]
[Result "0-1"]
[WhiteElo "1190"]
[BlackElo "1740"]
[PlyCount "64"]
[SourceDate "2006.10.14"]

1. e4 d6 2. d4 Nf6 3. Nc3 g6 4. Nf3 Bg7 5. h3 O-O 6. Bg5 c5 7. dxc5 Qa5 8. Bd2
Qxc5 9. Bd3 Bd7 10. O-O Qc7 11. Qe2 Nc6 12. Nb5 Qb8 13. Bc3 a6 14. Nbd4 e5 15.
Nxc6 Bxc6 16. Qe3 b5 17. a3 Re8 18. Nd2 Qc7 19. b4 d5 20. Bb2 dxe4 21. Nxe4 Nd5
22. Qd2 Rad8 23. g3 Nb6 24. Qe3 Nd5 25. Qg5 h6 {Diagramme #} 26. Qd2 $6 (26.
Qh4 a5 27. Nc5 f5 28. c4 bxc4 29. Bxc4 $17) 26... Qc8 27. Kg2 $2 (27. Kh2 Nf4
28. Nf6+ Bxf6 29. gxf4 Qe6 30. fxe5 Bxe5+ 31. Bxe5 Qxe5+ $17) 27... Nf4+ (27...
f5 28. Nc5 Ne3+ 29. Kh2 Nxf1+ 30. Rxf1 Bf3 $19) 28. gxf4 Bxe4+ 29. f3 $6 (29.
Kh2 exf4 30. Bxg7 Kxg7 31. a4 Rd5 32. Ra3 bxa4 33. Rfa1 Red8 $19) 29... Bf5 (
29... Bxf3+ 30. Rxf3 e4 31. Re3 Bxb2 32. Rb1 exd3 $19) 30. Rh1 e4 31. Bxg7 Kxg7
32. fxe4 Bxe4+ {Diagramme #} 0-1

[Event "Régionale 1- Metz Alekhine II - EFE"]
[Site "?"]
[Date "2007.04.01"]
[Round "8.1"]
[White "Unikowski, Michel"]
[Black "Baillot, Justin"]
[Result "0-1"]
[WhiteElo "1760"]
[BlackElo "1950"]
[PlyCount "70"]
[SourceDate "2006.10.14"]

1. d4 Nf6 2. c4 c5 3. d5 e6 4. Nc3 exd5 5. cxd5 d6 6. e4 g6 7. Bd3 Bg7 8. f4
O-O 9. Nf3 Re8 10. O-O c4 11. Bc2 b5 12. a3 Bg4 13. h3 Bxf3 14. Qxf3 Nbd7 15.
g4 a5 16. Ne2 Nc5 17. Ng3 Nfd7 18. Kg2 Qe7 19. Ra2 b4 20. b3 a4 {Diagramme #}
21. Bb1 $4 (21. axb4 cxb3 22. Ra3 bxc2 23. bxc5 Nxc5 $17) 21... axb3 22. Raf2
bxa3 23. e5 dxe5 (23... a2 24. Bxa2 bxa2 25. Ba3 Reb8 26. Bxc5 Nxc5 27. Ra1 $19
) 24. Be4 Nxe4 25. Nxe4 exf4 26. Nc3 Ne5 27. Qxf4 Nd3 {Diagramme #} 28. Qxf7+
$6 (28. Qxc4 Nxf2 29. Qxb3 Bxc3 30. Qxc3 Nd1 31. Rxd1 Qe2+ 32. Kg3 Qxd1 $19)
28... Qxf7 29. Rxf7 Nxc1 (29... a2 30. Rxg7+ Kxg7 31. Bd2 Rf8 32. Ra1 Rf2+ 33.
Kg3 Rxd2 $19) 30. Nb5 $6 b2 (30... Re2+ 31. R7f2 Rxf2+ 32. Rxf2 a2 33. Nc7 a1=Q
34. Nxa8 Qxa8 $19) 31. Nc7 Re2+ 32. Kh1 Rf8 33. Rxg7+ Kxg7 34. Ne6+ Rxe6 35.
Rxf8 Re1+ (35... Re1+ 36. Kg2 Kxf8 37. d6 b1=Q 38. d7 Qe4+ 39. Kh2 (39. Kg3
Rg1+ 40. Kf2 Rg2+ 41. Kf1 Qe2#) 39... Re2+ 40. Kg3 Rg2+ 41. Kh4 Qe7+ 42. g5
Qxg5#) 0-1

[Event "Régionale 1- Metz Alekhine II - EFE"]
[Site "?"]
[Date "2007.04.01"]
[Round "8.2"]
[White "Martinez, Patrick"]
[Black "Centonze, Salvatore"]
[Result "1-0"]
[WhiteElo "1980"]
[BlackElo "1760"]
[PlyCount "121"]
[SourceDate "2006.10.14"]

1. Nf3 d6 2. g3 e5 3. d3 Be7 4. Bg2 Nf6 5. c4 O-O 6. Nc3 Nc6 7. O-O Rb8 8. Re1
Be6 9. Nd2 Qd7 10. Nf1 Bh3 11. Ne3 Bxg2 12. Kxg2 Nd4 13. Ned5 c6 14. Nxe7+ Qxe7
15. Bg5 h6 16. e3 Ne6 17. Bxf6 Qxf6 18. Qa4 a6 19. Ne4 Qe7 20. Qa3 c5 21. Nc3
f5 22. f4 Qf7 23. Nd5 Kh7 24. Qc3 exf4 25. exf4 Rbe8 26. Re3 Nd4 27. Rae1 Rxe3
28. Rxe3 Re8 29. Qd2 Rxe3 30. Qxe3 Qe6 31. Kf2 Qd7 32. b3 b5 33. Qe7 Qe6 34.
Qxe6 Nxe6 35. Ne7 g6 36. Nc8 Nd4 37. Nxd6 {Diagramme #} 37... Kg7 $6 (37... b4
38. Nf7 Kg7 39. Ne5 $16) 38. Nb7 Ne6 39. a3 Kf6 40. b4 cxb4 41. axb4 bxc4 42.
dxc4 g5 43. Ke3 gxf4+ 44. gxf4 h5 45. Nc5 (45. Na5 Nd8 46. Nb3 Nc6 47. b5 axb5
48. cxb5 Ne7 $18) 45... Nc7 $4 (45... Nxc5 46. bxc5 Ke6 47. Kd4 h4 48. h3 Kd7
49. Kd5 Kc7 50. c6 $18) 46. h4 Ke7 47. Kd4 Kf6 48. Nd7+ Ke6 49. Nb8 Kf6 50. Nc6
Ne6+ 51. Ke3 Nc7 52. Nd4 Ne8 53. Ne2 Nd6 54. Kd4 Nb7 55. Ng3 Kg6 56. Ke5 Nd8
57. Kd6 a5 58. bxa5 Nb7+ 59. Kd5 Nxa5 60. c5 {Diagramme #} 60... Nb7 $4 (60...
Kf6 61. Nxh5+ Ke7 62. c6 Kd8 $18) 61. c6 1-0

[Event "Régionale 1- Metz Alekhine II - EFE"]
[Site "?"]
[Date "2007.04.01"]
[Round "8.3"]
[White "Breuil, Hervé"]
[Black "Paturaux, Laurent"]
[Result "1-0"]
[WhiteElo "1670"]
[BlackElo "1900"]
[PlyCount "62"]
[SourceDate "2006.10.14"]

1. c4 d6 2. Nc3 Nf6 3. g3 g6 4. Bg2 Bg7 5. e3 c6 6. Nge2 e5 7. d4 O-O 8. O-O
Na6 9. a3 Nc7 10. b4 Nd7 11. Qb3 Qe7 12. Rd1 Nb6 13. Na4 Nxa4 14. Qxa4 exd4 15.
Ra2 Bd7 16. exd4 d5 17. Bf4 Ne6 18. cxd5 Nxf4 19. Nxf4 cxd5 20. Qb3 g5 21. Nxd5
Qd6 22. Ne3 {Diagramme #} 22... Rad8 $6 (22... Be6 23. d5 Bd7 24. Qd3 Rae8 $16)
23. Bxb7 Bh3 24. Qc2 $6 (24. Rad2 Rfe8 25. Bg2 Bd7 $18) 24... f5 (24... Bxd4
25. Qc4 Qb6 26. Nd5 Qxb7 27. Qxd4 Be6 $16) 25. d5 f4 26. Nc4 Qf6 27. d6 fxg3
28. hxg3 Rd7 29. Bc6 Rdf7 30. Bd5 Bg4 31. Bxf7+ Qxf7 $18 {Diagramme # etc} 1-0

[Event "Régionale 1- Metz Alekhine II - EFE"]
[Site "?"]
[Date "2007.04.01"]
[Round "8.4"]
[White "Becker, Pierre"]
[Black "Mercier, Laurent"]
[Result "1/2-1/2"]
[WhiteElo "1800"]
[BlackElo "1690"]
[PlyCount "82"]
[SourceDate "2006.10.14"]

1. e4 c5 2. c3 d5 3. e5 Nc6 4. d4 Qb6 (4... Bf5 5. dxc5 Nxe5 6. Nf3 Nxf3+ 7.
Qxf3 $11) (4... cxd4 5. cxd4 Qb6 6. Nc3 Qxd4 7. Qxd4 Nxd4 8. Nxd5 Nc2+ 9. Kd1
Nxa1 10. Nc7+ Kd8 11. Nxa8 $11) 5. Nf3 (5. dxc5 Qxc5 6. Nf3 Qa5 7. Bf4 Qb6 $16)
5... Bg4 6. h3 $11 (6. dxc5 Qxc5 7. Be3 Qa5 8. Qb3 Qc7 9. Qxd5 e6 10. Qe4 Bxf3
11. Qxf3 O-O-O 12. Qg3 $14) 6... Bxf3 7. Qxf3 e6 8. dxc5 Bxc5 9. Qg3 {
Diagramme #} (9. b4 Bf8 10. Bf4 Rc8 $11) 9... Nge7 10. Bd3 (10. Qxg7 Bxf2+ 11.
Kd1 Rg8 12. Qxh7 Nxe5 13. Kc2 Bg3 $19) 10... Ng6 11. Bxg6 (11. f4 Rc8 12. a4
O-O 13. Na3 Na5 $19) 11... hxg6 (11... fxg6 12. O-O O-O 13. Nd2 Qb5 14. Nb3 Bb6
15. Be3 Rf5 $15) 12. Nd2 Qc7 13. Nf3 a5 14. O-O b5 15. Bf4 Rc8 16. Rac1 Qa7 17.
a3 a4 18. Rfe1 Rc7 19. Be3 Bxe3 20. Rxe3 Ne7 21. Rd3 (21. Ree1 Nf5 22. Qf4 Rc4
23. Qg5 Qe7 24. Qxe7+ Kxe7 $11) 21... Nf5 22. Qf4 Rc4 23. Qd2 $11 {(=)} 23...
Qc5 24. Nd4 Rh4 25. Nxf5 gxf5 26. Rg3 g6 27. Re1 Qb6 (27... Rhe4 28. Rge3 d4
29. Rxe4 dxc3 30. bxc3 fxe4 31. Rd1 $11) 28. Rf3 Qc7 29. Rfe3 g5 30. Rg3 g4 31.
Qg5 {Diagramme #} 31... Qe7 32. Qxe7+ (32. Qg8+ Qf8 (32... Kd7 33. Qa8 (33. Qb8
Kc6 34. Rb1 Qc7 35. Qe8+ Kb6 36. b3 axb3 37. Rxb3 $14) 33... Rc7 34. Rd1 Qc5
35. Rd4 $14) 33. Qg5 gxh3 34. Rxh3 Qh8 35. Ree3 Rcg4 36. Rxh4 Rxh4 37. f3 Rh1+
38. Kf2 $11) 32... Kxe7 33. hxg4 Rcxg4 34. Rxg4 Rxg4 (34... fxg4 35. Re2 Rh6
36. Rc2 f6 37. exf6+ Rxf6 $15) 35. f3 Rg8 36. Kf2 f6 37. g3 Rh8 38. Kg2 fxe5
39. Rxe5 Kd6 40. Re2 (40. f4 Rh7 41. Re1 Rh6 $11) 40... Rh6 41. f4 {(=)} 41...
Kc5 {(=)} 1/2-1/2

[Event "Régionale 1- Metz Alekhine II - EFE"]
[Site "?"]
[Date "2007.04.01"]
[Round "8.5"]
[White "Leblanc, Bernard"]
[Black "Bazille, Reynald"]
[Result "1-0"]
[WhiteElo "1600"]
[BlackElo "1850"]
[PlyCount "78"]
[SourceDate "2006.10.14"]

1. d4 e6 2. Nf3 d5 3. h3 c5 4. e3 Nc6 5. c3 Nf6 6. Bd3 Be7 7. Nbd2 O-O 8. O-O
Bd7 9. Re1 Qb6 10. Bc2 Rac8 11. Nb3 cxd4 12. exd4 Qc7 13. Bg5 h6 14. Bh4 b5 15.
Nc5 Bxc5 16. Bxf6 Be7 17. Bxe7 Nxe7 18. Qd3 g6 19. Ne5 a5 20. Rac1 Be8 21. Qd2
Kg7 22. Qe3 Rh8 23. Qf3 Nc6 24. Nd3 b4 25. Nc5 {Diagramme #} 25... Rd8 $6 (
25... bxc3 26. bxc3 Bd7 27. h4 $16) 26. Rxe6 Bd7 $6 (26... Kg8 27. Re2 bxc3 28.
bxc3 $18) 27. Re3 $6 (27. Nxd7 Qxd7 28. Qf6+ Kg8 29. Rxc6 $18) 27... a4 28.
Bxa4 Kg8 29. Bb3 bxc3 30. bxc3 Be6 31. Nxe6 fxe6 32. Rxe6 Nxd4 $4 (32... Ne7
33. Rce1 Rh7 34. Qf6 Rf8 35. Rxe7 Rxf6 36. Bxd5+ Re6 37. R1xe6 $18) 33. Rxg6+
Kh7 {Diagramme #} 34. Rxh6+ $6 (34. Qf6 Nf3+ 35. gxf3 Rhg8 36. Bc2 Rxg6+ 37.
Qxg6+ Kh8 38. Qxh6+ $18) 34... Kxh6 35. Qe3+ Kh7 36. cxd4 Qg7 37. Rc2 $6 (37.
Qd3+ Kg8 38. Bxd5+ Rxd5 39. Rc8+ Kf7 40. Qf3+ Ke7 $18) 37... Kg8 38. Qe6+ Kf8
39. Qf5+ Kg8 1-0